01021nas a2200277Ia 4500001001600000003001000016008004100026040002500067041001300092100001900105210001200124222001200136245007900148250001100227260000900238501012300247300001600370362003400386500006300420650002500483700001100508942000700519957000600526999003300532952017800565A03/R026-38604 IT-MiCISF161014c99999999xx |||||||||||| ||und|| aIT-MiCISFcIT-MiCISF aITALIANO aOberto Giacomo aFamilia aFamilia 0aL'autonomia negoziale nei rapporti patrimoniali tra coniugi (non in crisi) a1a ed. c2003 bCISF - Centro Internazionale Studi Famiglia - Via Giotto, 36 20145 MILANO (non commercial uses only)cCopyright 2016 app. 617-693 an. 3, luglio-settembre [2003] a Tema: coniugi, rapporti-patrimoniali, diritto-di-famiglia amatrimoniovarticolo aAA.VV. cCR 71 a38604bSig1c237268d237268 0010406A_03_000000000000000_R0263860471aCISFbCISFd2016-10-14l0oA03/R026-38604 r2016-10-14 00:00:00w2016-10-14yCRzData import 15.10.2016 / by Epidotti, Vaglietti